Smallholder rubber sector in the Moneragala district: Potentials and constraints (Record no. 68772)
[ view plain ]
| 000 -LEADER | |
|---|---|
| fixed length control field | 01017nam a2200157Ia 4500 |
| 100 ## - MAIN ENTRY--AUTHOR NAME | |
| Personal name | Dissanayake D M A |
| 245 #0 - TITLE STATEMENT | |
| Title | Smallholder rubber sector in the Moneragala district: Potentials and constraints |
| 260 ## - PUBLICATION, DISTRIBUTION, ETC. (IMPRINT) | |
| Name of publisher | Bulletin of the Rubber Research Institute of Sri Lanka |
| Year of publication | 2005 |
| 300 ## - PHYSICAL DESCRIPTION | |
| Number of Pages | 25-31 |
| 520 ## - SUMMARY, ETC. | |
| Summary, etc | As a timely and appropriate initiative to increase the national rubber production, the Government has taken steps to expand the rubber cultivation into the intermediate agro-climatic zones of Sri Lanka. These non-traditional areas have great potential for profitable rubber cultivation. Yet, there are constraints for rubber cultivation, which can affect the profitability. This article attempts to highlight these potentials and constraints in the smallholder rubber sector in the Moneragala area in the low country intermediate zone of Sri Lanka |
| 650 ## - SUBJECT ADDED ENTRY--TOPICAL TERM | |
| Topical Term | Rubber sector |
| 700 ## - ADDED ENTRY--PERSONAL NAME | |
| Personal name | Edirisinghe J C |
| 700 ## - ADDED ENTRY--PERSONAL NAME | |
| Personal name | Wijesuriya Wasana |
| 942 ## - ADDED ENTRY ELEMENTS (KOHA) | |
| Koha item type | Journals |
| Withdrawn status | Lost status | Damaged status | Not for loan | Home library | Current library | Shelving location | Date acquired | Serial Enumeration / chronology | Koha item type |
|---|---|---|---|---|---|---|---|---|---|
| Journals | RRII Library | RRII Library | Agricultural economics | 17/12/2021 | Volume 46, Issue | Journals |